| 000 | 00419nam a2200169Ia 4500 | ||
|---|---|---|---|
| 001 | 17940 | ||
| 003 | IN-NITTTR | ||
| 005 | 20251114233210.0 | ||
| 008 | 251113s9999||||xx |||||||||||||| ||eng|| | ||
| 040 | _beng | ||
| 040 | _cIN-NITTTR | ||
| 041 | _aeng | ||
| 082 | _a376 T239E | ||
| 100 | _aTellis-Nayak, Jessie B. | ||
| 245 | 0 |
_aEducation and income generation for women / _cTellis-Nayak, Jessie B. |
|
| 942 |
_2ddc _cBK |
||
| 999 |
_c20574 _d20574 |
||